000 00465nam a2200193Ia 4500
999 _c6413
_d6413
003 0100
008 130227s9999 xx 000 0 und d
040 _cARRUPELIB
050 _aDT746.V46 1975
100 _aVenter, Al J.
_939382
245 4 _aThe Zambesi salient:
_bconflict in Southern Africa /
260 _aLondon
_bRobert Hale and Company
_c1975
300 _a395p. :22cm.
650 _aAfrica, Southern
_xHistory
_939290
650 _aGuerrillas
_zAfrica, Southern
_939367
650 _aNationalism
_zAfrica, Southern
_921948
942 _2lcc
_cMONOGRAPH